[Event "EU-ch 4th"]
[Site "Istanbul"]
[Date "2003.06.13"]
[Round "13"]
[White "Socko, Bartosz"]
[Black "Shneider, Aleksandr"]
[Result "1-0"]
[WhiteElo "2577"]
[BlackElo "2497"]
[Annotator "Ftacnik,L"]
[PlyCount "99"]
[EventDate "2003.05.30"]
[EventType "swiss"]
[EventRounds "13"]
[EventCountry "TUR"]
[SourceTitle "CBM 096"]
[Source "ChessBase"]
[SourceDate "2003.09.25"]
[SourceVersion "1"]
[SourceVersionDate "2003.09.25"]
[SourceQuality "1"]

1. e4 c5 2. Nf3 d6 3. d4 cxd4 4. Nxd4 Nf6 5. Nc3 a6 6. Be3 e5 7. Nb3 Be6 8. f3
Nbd7 9. g4 Nb6 10. g5 Nh5 11. Qd2 Be7 12. O-O-O Rc8 13. Kb1 O-O 14. Rg1 g6 15.
Nd5 Nxd5 16. exd5 Bf5 17. Bd3 (17. Rc1 Qc7 18. Ka1 Bd8 19. c4 b6 20. h4 a5 21.
Rc3 f6 22. Nc1 Rb8 23. Ne2 fxg5 24. hxg5 Rf7 {1/2-1/2 Sokolov,A-Wojtkiewicz,A/
Cannes 1998/ (36)}) 17... Bxd3 (17... Qd7 18. Nc1 Bxd3 19. Nxd3 Qf5 20. Qe2
Rfe8 21. Nf2 b5 22. Ne4 Rc4 23. Rd2 Rec8 24. Rf1 Rf8 25. Qd3 Nf4 26. Bxf4 Qxf4
{0-1 Scarpa,J-Julia,E/Buenos Aires 1998/ (46)}) 18. Qxd3 f6 (18... Qd7 19. Nd2
Qh3 20. c4 b5 21. cxb5 axb5 22. Qxb5 Qf5+ 23. Ne4 Qxf3 24. Qd3 Kh8 25. Rgf1 Qg4
26. Rc1 {1-0 Smirin,I-Lutz,C/Biel 2003/ (42)}) 19. gxf6 Rxf6 20. Nd2 Qd7 {
This variaton undergoes great development, black is not without chances.} (
20... b5 21. Rgf1 Qd7 22. Rc1 Nf4 23. Qb3 Rff8 24. Ne4 Rc4 25. Nd2 Rc7 26. Ne4
Qc8 27. Bxf4 Rxf4 {0-1 Mamedov,N-Shengelia,D/Tbilisi 2001/ (57)}) 21. c4 Nf4
22. Qe4 (22. Bxf4 Rxf4 23. Ne4 Qh3 $15) 22... b5 23. Rg4 (23. cxb5 Qxb5 24. a4
Qb7 $17) 23... Rcf8 (23... bxc4 24. Nxc4 Qb5 25. b3 $13) 24. Qc2 bxc4 25. Qxc4
Qb5 {[%mdl 4096] Exchange of the queens is not so bad, but black might have
tried for more due to the d5 square weakness.} (25... Rc8 $5 26. Qe4 Nh5 $15)
26. Qxb5 axb5 27. Ne4 Rf5 28. Bxf4 (28. Bd2 Ne2 29. Rg2 Nd4 30. Bh6 Rd8 31. f4
Rf7 $11) (28. Nc3 b4 29. Ne4 Nh5 30. Bh6 Rb8 31. Rd3 Kf7 $11) 28... exf4 (28...
Rxf4 29. Rxf4 Rxf4 30. Rd3 g5 31. Re3 Kf7 32. Kc2 $14) 29. Rg2 Re5 30. a3 g5
31. Rd3 h5 32. Nc3 b4 (32... Rb8 33. Rd4 Kf7 34. Re4 $14) 33. axb4 Rb8 34. b5
Kf7 35. Kc2 Kf6 (35... Bf6 36. Rd1 Rf5 37. Ne4 Ke7 38. Re2 Re5 39. Ra1 Rxb5 40.
Ra7+ Kf8 $11) 36. h3 Kf5 37. Ne2 Kf6 (37... Rc8+ 38. Kb3 Rc5 39. Nd4+ Kf6 40.
b6 $16) 38. Nc3 Kf5 39. Ne4 Rxe4 $6 {Shneider is dreaming about chances to use
his potential of two passed pawns on the kingside. Objectively this attempt is
too ambitious and white is now better.} (39... Kg6 $1 40. Kb3 Rxb5+ 41. Kc4 Rb8
(41... Ra5 42. b4 Ra1 43. b5 $14) 42. b4 Rc8+ 43. Kb3 Rb8 $13) (39... Rxb5 $2
40. Rxg5+ Bxg5 41. Nxd6+ Kf6 42. Nxb5 $18) 40. fxe4+ Ke5 (40... Kxe4 $2 41.
Re2+ Kf5 42. Rxe7 $18) 41. Rb3 Rf8 (41... Bf6 42. Kd3 $1 (42. b6 Kxe4 $13) (42.
Rb4 f3 43. Rf2 g4 44. hxg4 hxg4 45. Kd3 Bh4 46. Rf1 Rf8 $17) 42... f3 43. Rg1
Kf4 44. b6 Be5 45. b7 g4 46. hxg4 hxg4 47. Ra1 Kg3 48. Ra8 f2 49. Rxb8 f1=Q+
50. Kc2+ Kh4 51. Rc8 Qe2+ 52. Kb1 $18) 42. b6 f3 43. Rg1 (43. Rf2 g4 44. b7 Rb8
45. hxg4 hxg4 46. Rf1 Kf4 47. Rb4 Kg3 48. Rg1+ Kh3 49. Rb3 Bg5 $14) 43... g4
44. b7 f2 (44... Rb8 45. hxg4 f2 46. Rf1 hxg4 47. Rxf2 $18) 45. Rf1 Bh4 (45...
g3 46. Rxg3 Kxe4 47. Rb3 Rb8 48. Rxf2 $18) 46. hxg4 hxg4 47. b8=Q Rxb8 48. Rxb8
Kxe4 {From afar black might have missed the mating problem after the logical
48...g3.} (48... g3 49. Kd3 g2 50. Rxf2 $1 Bxf2 51. Rf8 g1=Q 52. Rf5#) 49. Kd2
g3 50. Rb4+ (50. Rb4+ Kxd5 51. Rxh4 g2 52. Rhh1 Kc4 53. Rhg1 fxg1=Q 54. Rxg1
$18) 1-0

[Event "Budapest zt-A"]
[Site "Budapest"]
[Date "1993.??.??"]
[Round "3"]
[White "Rasik, Vitezslav"]
[Black "Ftacnik, Lubomir"]
[Result "0-1"]
[WhiteElo "2405"]
[BlackElo "2535"]
[Annotator "Ftacnik,L"]
[PlyCount "86"]
[EventDate "1993.03.??"]
[EventType "tourn"]
[EventRounds "11"]
[EventCountry "HUN"]
[EventCategory "11"]
[SourceTitle "CBM 034"]
[Source "ChessBase"]
[SourceDate "1993.06.01"]
[SourceVersion "1"]
[SourceVersionDate "1993.06.01"]
[SourceQuality "1"]

1. e4 c5 2. Nf3 d6 3. d4 cxd4 4. Nxd4 Nf6 5. Nc3 a6 6. Be3 Ng4 7. Bg5 h6 8. Bh4
g5 9. Nf5 Nf6 $5 $146 (9... e6 10. Qxg4 exf5 11. exf5 gxh4 12. Qd4 Rg8 13. Ne4
$13 {Nunn,J-Sadler,M/Hastings/1993/ CBM 33}) 10. Bg3 Nxe4 11. Qd4 $6 (11. Nxe4
Bxf5 12. Qd4 e5 $5 (12... Rg8 13. O-O-O Nc6 14. Qe3 Bxe4 15. Qxe4 e6 16. Qh7
$132) 13. Qd5 (13. Bxe5 $2 Qa5+ 14. b4 Qxe5 $19) 13... Nc6 14. O-O-O Be6 15.
Nxd6+ Bxd6 16. Qxd6 Qa5 17. Qa3 Qxa3 18. bxa3 $15) 11... Nf6 (11... Nxg3 12.
hxg3 e5 13. Qe4 $13) 12. Bd3 Nc6 13. Qe3 (13. Qa4 $2 Bxf5 14. Bxf5 b5 15. Qa3
e6 16. Bd3 d5 $19) 13... Bxf5 14. Bxf5 Qa5 15. Qf3 (15. Bd3 Nd5 16. Qd2 Nxc3
17. Qxc3 Qxc3+ 18. bxc3 Bg7 $19) (15. Qd3 e6 16. Be4 d5 17. Bf3 g4 18. Be2 d4
$19) 15... h5 $5 (15... d5 16. O-O Nd4 17. Qd3 Nxf5 18. Qxf5 Bg7 19. Rfe1 e6
20. Rxe6+ fxe6 21. Qxe6+ Kd8 22. Be5 $40) (15... Bg7 16. O-O O-O $17 (16... Nd4
17. Qxb7 O-O 18. Bd3 Rfb8 19. Qxe7 Rxb2 20. Nd1 Rxa2 21. Rxa2 Qxa2 22. Qxd6 $13
)) 16. O-O (16. Bd3 g4 17. Qf5 (17. Qe2 Nd5 (17... Nd4 18. Qe3 e5 19. O-O Bh6
20. Qe1 $15) 18. O-O Nxc3 19. bxc3 O-O-O $17) 17... Qxf5 18. Bxf5 e6 19. Bd3
Nb4 $17) 16... h4 17. Bxd6 exd6 18. Bc8 (18. Rfe1+ Be7 19. Bc8 Rxc8 (19... O-O
$5 20. Bxb7 Nd4 (20... Ne5 21. Rxe5 Qxe5 22. Bxa8) 21. Qd3 Ne6 22. Bxa8 (22.
Rxe6 fxe6 23. Qg6+ Kh8 24. Qh6+ Nh7 25. Bxa8 Rxa8 26. Qxe6 Bf6 $19) 22... Rxa8
$17) 20. Qxf6 Rg8 21. Qxd6 (21. Rad1 Ne5 22. Qf5 Rc5 $17) 21... Rd8 $17) 18...
Rxc8 (18... Rh6 $6 19. Rfe1+ Kd8 20. Bxb7 Nd4 21. Qd3 Rb8 22. Bxa6 $13) 19.
Qxf6 (19. Rfe1+ Ne5 (19... Be7 20. Qxf6 Rg8) 20. Qxf6 Rh6) 19... Rh6 (19... Rg8
$142 20. Rfe1+ Be7) 20. Rfe1+ Ne5 $8 (20... Ne7 $2 21. Rxe7+ Bxe7 22. Qxh6) 21.
Qxg5 Qd8 22. Qf5 Qd7 (22... Re6 23. f4 Qb6+ 24. Kh1 Qxb2 25. Ne4 $1 $13 (25.
Nd5 Qxc2 $17)) 23. Qf4 (23. Qg5 Qc6 24. Ne4 Rg6 25. Qf5 Be7 $17) 23... Kd8 (
23... h3 24. Rad1 Rg6 25. g3 Bg7 $17) 24. Nd5 $6 (24. Qg5+ Qe7 25. Qf5 (25. Qg8
Rg6 26. Qh8 Nf3+ $19) 25... Re6 $17) (24. Rad1 Rc4 25. Qg5+ f6 (25... Qe7 $2
26. Rxe5) 26. Qg8 Qf7 27. Rxd6+ Kc7 28. Qxf7+ Nxf7 $17 29. Rxf6 $140 Rxf6 30.
Nd5+ Kc6 31. Nxf6 Rxc2 $19) 24... Qg4 25. Qe3 Rg6 26. Nf4 (26. Qb6+ Ke8 27. Ne3
Qe4 $19) 26... Nf3+ 27. Kh1 (27. Kf1 Nxh2+ 28. Kg1 Nf3+ 29. Kf1 Nxe1 $19) 27...
Nxe1 $19 28. Rxe1 Re6 (28... Rg7 29. Qb6+ Rc7 $19) 29. Nxe6+ fxe6 30. Qb3 Rc7
31. h3 Qc4 32. Qf3 Be7 33. b3 Qc3 (33... Qxc2 34. Rxe6 Qxa2 35. Qf7 Qa1+ 36.
Kh2 Qh8 37. Rg6 Bf8 $19) 34. Re3 Qa1+ 35. Kh2 Qf6 36. Qg4 (36. Qxf6 Bxf6 37.
Rxe6 Be5+ 38. Kg1 Rxc2 $19) 36... e5 (36... Kd7 $19) 37. Rf3 Qh8 (37... Qg5 $2
38. Rf8+) 38. c4 (38. Rf7 Bf6 $19) 38... Rd7 39. Qe6 (39. Rf7 Kc7 40. Qe6 Qd8
$19) 39... Kc7 40. Rd3 Qd8 41. b4 Bg5 42. c5 Bf4+ 43. g3 dxc5 (43... dxc5 44.
Rxd7+ Qxd7 45. Qxd7+ Kxd7 46. gxf4 c4 $19) 0-1

[Event "IND-ch"]
[Site "Mumbai"]
[Date "2003.01.22"]
[Round "7"]
[White "Ramesh, Ramachandran B"]
[Black "Sriram, Jha"]
[Result "1-0"]
[WhiteElo "2472"]
[BlackElo "2448"]
[Annotator "Ftacnik,L"]
[PlyCount "67"]
[EventDate "2003.01.18"]
[EventType "tourn"]
[EventRounds "21"]
[EventCountry "IND"]
[EventCategory "8"]
[SourceTitle "CBM 094"]
[Source "ChessBase"]
[SourceDate "2003.05.26"]
[SourceVersion "1"]
[SourceVersionDate "2003.05.26"]
[SourceQuality "1"]

1. e4 c5 2. Nf3 d6 3. d4 cxd4 4. Nxd4 Nf6 5. Nc3 a6 6. Be3 e5 7. Nb3 Be6 8. f3
Nbd7 9. g4 b5 10. g5 b4 11. Nd5 Nxd5 12. exd5 Bf5 13. Bd3 Bxd3 14. Qxd3 Be7 15.
h4 O-O 16. O-O-O a5 17. Nd2 f5 18. Kb1 a4 19. Nc4 Qc7 20. Rhe1 {Fighting for
advantage is not easy for white as black pawns are completely controlling the
center.} (20. b3 Nc5 21. Bxc5 Qxc5 22. Qe3 Qc7 23. Rhe1 Ra6 24. Re2 f4 25. Qd2
{1-0 Bindrich,F-Sebag,M/Deizisau/2003/ (47)}) 20... Rae8 21. b3 Bd8 22. f4 (22.
bxa4 Nc5 23. Bxc5 Qxc5 24. f4 exf4 25. Re6 Rxe6 26. dxe6 Be7 $13) 22... Qb8 (
22... e4 23. Qd2 Qb8 (23... Be7 24. Qxb4 axb3 25. cxb3 Rb8 26. Qa4 Rfc8 27. Rc1
Qd8 28. Na5 $14) 24. bxa4 Bc7 $13) 23. Rf1 g6 $2 {[%mdl 16384] This extremely
unfortunate move serves the only purpose of helping white to open up the
kingside and start ferrocious attack.} (23... e4 $1 24. Qd4 Bc7 $13) 24. h5 $1
exf4 (24... e4 25. Qd2 Rf7 26. Rh1 axb3 27. cxb3 Nf8 28. hxg6 Nxg6 29. Rh6 $16)
25. Bxf4 Ne5 (25... Bc7 26. hxg6 hxg6 27. Qh3 Rf7 28. Rh1 Rg7 29. Qh8+ Kf7 30.
Qh2 $18) 26. Bxe5 dxe5 27. hxg6 hxg6 28. d6 {Black pieces are very passive and
open h file just waits for white heavy pieces, the defender has hopeless
position.} Qb7 (28... axb3 29. Qd5+ Kg7 30. cxb3 Bxg5 31. Nxe5 Qa7 32. Rg1 Ra8
33. a4 Qe3 34. Rxg5 Qxg5 35. Qb7+ Kg8 36. Rh1 $18) 29. Rh1 (29. d7 Re6 30. Rh1
Qg2 31. Rdg1 Qc6 32. Qh3 Qxd7 33. Qh8+ Kf7 34. Rh7+ Ke8 35. Qxf8+ Kxf8 36. Rxd7
$18) 29... axb3 (29... e4 30. Qd2 Qd7 (30... Qf7 31. d7 Re6 32. Rh3 e3 33. Rdh1
Qg7 34. Qd5 $18) 31. Rh6 Re6 32. Qd5 $18) 30. d7 bxc2+ (30... bxa2+ 31. Ka1 Re7
32. Qh3 Rxd7 33. Qh8+ Kf7 34. Rxd7+ Qxd7 35. Rh7+ Ke8 36. Qxe5+ Be7 37. Qb8+
Qd8 38. Qb5+ Qd7 39. Nd6+ Kd8 40. Qb8+ Qc8 41. Qxc8#) 31. Qxc2 Re7 (31... Re6
32. Qh2 Qe4+ 33. Ka1 $18) 32. Qh2 Qe4+ 33. Ka1 Rg7 34. Nd6 1-0

[Event "CZE-ch"]
[Site "Luhacovice"]
[Date "2003.02.19"]
[Round "2"]
[White "Hracek, Zbynek"]
[Black "Babula, Vlastimil"]
[Result "1-0"]
[WhiteElo "2601"]
[BlackElo "2581"]
[Annotator "Ftacnik,L"]
[PlyCount "63"]
[EventDate "2003.02.18"]
[EventType "tourn"]
[EventRounds "11"]
[EventCountry "CZE"]
[EventCategory "9"]
[SourceTitle "CBM 094"]
[Source "ChessBase"]
[SourceDate "2003.05.26"]
[SourceVersion "1"]
[SourceVersionDate "2003.05.26"]
[SourceQuality "1"]

1. e4 c5 2. Nf3 d6 3. d4 cxd4 4. Nxd4 Nf6 5. Nc3 a6 6. Be3 e5 7. Nb3 Be6 8. f3
Nbd7 9. g4 h6 10. Qd2 b5 11. O-O-O Nb6 12. Qf2 Nfd7 13. Kb1 Rc8 14. Nd5 Bxd5
15. exd5 Nc4 16. Bc1 g6 17. Bd3 Bg7 18. h4 h5 {Black plays ambitiously and
tries to avoid the problems of kingside structure after white's move h4-h5.}
19. Qe1 Ndb6 (19... Qc7 20. f4 hxg4 21. f5 gxf5 22. Bxf5 Bh6 23. Bxh6 Rxh6 24.
h5 (24. Rg1 Rh5 25. Bxg4 Rxh4 26. Qf2 (26. Qxh4 Na3+ 27. bxa3 Qxc2+ 28. Ka1
Qc3+ $11) 26... Rh8 27. Rdf1 Kd8 $11) 24... Qb6 25. Rd3 $14) 20. Na5 Kf8 $2 {
Serious loss of a tempo, white will manage to occupy the center with pieces.} (
20... Qc7 21. Nxc4 bxc4 (21... Nxc4 22. Rg1 $14) 22. Be4 Rb8 $11) 21. Nc6 Qd7
22. Qe4 (22. b3 $5 Nxd5 (22... Ne3 23. Bxe3 Nxd5 24. Be4 Nxe3 25. Qxe3 Rxc6 26.
Bxc6 Qxc6 27. Qd2 $16) 23. bxc4 bxc4 24. Be4 Nf6 25. Na5 Qb5+ 26. Ka1 d5 27. g5
$16) 22... Nxd5 23. Qxd5 Nb6 (23... Rxc6 24. Be4 Rc8 25. b3 f5 26. gxf5 gxf5
27. bxc4 fxe4 28. fxe4 bxc4 29. Ba3 Qb5+ 30. Qxb5 axb5 31. Rxd6 $16) (23...
Qxc6 24. Qxc6 Rxc6 25. Be4 d5 26. Bxd5 $14) 24. Nxe5 $1 Bxe5 (24... dxe5 25.
Qxd7 Nxd7 26. Bxg6 fxg6 27. Rxd7 $16) (24... Nxd5 $2 25. Nxd7+ Ke7 26. Be4 $18)
25. Qe4 Na4 (25... Re8 26. Qb4 Nd5 27. Qa3 hxg4 28. fxg4 Qxg4 29. Qxa6 $14) 26.
f4 Bg7 (26... Nc5 27. Qe2 (27. Qd5 Bg7 28. f5) 27... Bf6 28. f5 (28. g5 Bg7 29.
Rhe1 $14) 28... Re8 29. Qf1 $16) 27. f5 Nc5 28. Qd5 (28. Qe2 $5 Qe8 29. fxg6
Qxe2 30. Bxe2 Re8 31. Bf3 hxg4 32. gxf7 Kxf7 33. Bxg4 $16) 28... hxg4 $2 {
Babula was far from his best form in Luhacovice and so he loses without real
resistance.} (28... Qc6 $1 29. Qxc6 Rxc6 30. Be2 $14) 29. fxg6 Nxd3 (29... Qe6
30. Bf5 Qxd5 31. Rxd5 Rc6 32. Bxg4 fxg6 33. Rg5 $16) 30. Rxd3 fxg6 31. Rf1+ Ke8
32. Re3+ 1-0

[Event "Pamplona-A 16th"]
[Site "Pamplona"]
[Date "2006.12.23"]
[Round "2"]
[White "Shirov, Alexei"]
[Black "Wojtaszek, Radoslaw"]
[Result "0-1"]
[WhiteElo "2720"]
[BlackElo "2630"]
[Annotator "Ftacnik,L"]
[PlyCount "62"]
[EventDate "2006.12.22"]
[EventType "tourn"]
[EventRounds "7"]
[EventCountry "ESP"]
[EventCategory "17"]
[SourceTitle "CBM 116"]
[Source "ChessBase"]
[SourceDate "2007.02.01"]
[SourceVersion "1"]
[SourceVersionDate "2007.02.01"]
[SourceQuality "1"]

1. e4 c5 2. Nf3 d6 3. d4 cxd4 4. Nxd4 Nf6 5. Nc3 a6 6. Be3 e5 7. Nb3 Be6 8. f3
Be7 9. Qd2 O-O 10. O-O-O a5 11. Kb1 a4 12. Nc1 a3 13. b3 Ra5 14. Bc4 $5 {
Bologan's idea is rather profound as the black bishop on e6 is the best
black's piece. On the other hand destroyed pawn structure on the queenside
offers real counterchances.} (14. Qf2 Nbd7 15. Bd2 Ra8 16. g4 Qc7 17. Nb5 Qc6
18. c4 Nc5 19. Nc3 Bd8 20. h4 Ba5 21. Qe1 Bxc3 22. Bxc3 Nfxe4 23. fxe4 Bxg4 24.
Be2 $14 {1-0 Efimenko,Z-Nedilko,V/Rivne 2005/ (35)}) (14. b4 Ra8 15. g4 Nc6 16.
Nd5 Bxd5 17. exd5 Nd4 18. Bxd4 exd4 19. g5 Nxd5 20. Qxd4 Nc7 21. f4 Ne6 22. Qe4
Qc7 $15 {0-1 Thirion,M-Van Mechelen,J/Belgium 2002/ (34)}) (14. g4 d5 15. g5
Nxe4 16. Nxe4 dxe4 17. Qxd8 Rxd8 18. Rxd8+ Bxd8 19. fxe4 Nd7 20. Be2 Be7 21.
Rd1 {1/2 Zhang,J-Majdan,J/Kochin 2004/ (61)}) 14... Bxc4 15. bxc4 Qc8 16. Qd3 {
The first independent move, that is not changing the value of the line.} (16.
Nb3 Ra6 17. Qe2 Rc6 (17... Qe6 18. g4 Rc8 19. g5 Nfd7 20. Nd5 Rac6 21. f4 $18)
18. Nb5 Rxc4 (18... Qe6 19. Nxa3 Nbd7 20. c5 $1 dxc5 21. c4 Ra6 22. Nb5 $14)
19. Nxd6 Bxd6 20. Rxd6 Na6 21. Rhd1 Nb4 $2 (21... Rxe4 $3 22. fxe4 Nxe4 23.
R6d3 Nb4 24. Bc1 Nxd3 25. Rxd3 Nc3+ 26. Rxc3 Qxc3 27. Bxa3 Re8 28. Bb2 $14) 22.
Rd8 $16 {1-0 Bologan,V-Loginov,V/Moscow 1994/ (30)}) 16... Nbd7 17. Nb3 Ra6 18.
g4 Rc6 (18... Nc5 19. Nxc5 dxc5 20. Nb5 Ra4 $11) 19. g5 Ne8 (19... Nh5 20. Nd5
Bd8 21. Nb4 Rxc4 22. Qxd6 $14) 20. Nd5 Bd8 21. Nd2 (21. h4 Kh8 (21... Rxc4 22.
Na5 Ra4 23. Qb5 Rxa5 24. Qxa5 Bxa5 25. Ne7+ Kh8 26. Nxc8 $16) 22. Nd2 Ra6 $13)
21... Nc5 {[%mdl 2048] Wojtaszek is hoping for counterplay and prefers it to a
bit passive defense of the a3 pawn.} (21... Ra6 22. h4 Nc7 $13) 22. Qxa3 Ra6
23. Qb2 Na4 24. Qb4 (24. Qb3 $1 Nc7 25. Nb4 Ra8 26. h4 $14) 24... Nc7 25. Nb3
b5 $1 (25... Nxd5 26. Rxd5 Qh3 27. Nd2 Qg2 $11) 26. c5 $2 {Shirov is
stretching the position too far, he had no real ground for taking such a risk.}
(26. Rd3 Nxd5 27. cxd5 Qd7 $11) 26... Nxd5 27. exd5 (27. Rxd5 dxc5 28. Bxc5 (
28. Nxc5 Be7 29. Rxe5 Re6 $15) 28... Bxg5 29. f4 Bf6 (29... Bxf4 30. Bxf8 Nc3+
31. Qxc3 Qxc3 32. Rd8 Qc7 33. Be7+ Qxd8 34. Bxd8 $16) 30. Rc1 (30. fxe5 Be7 31.
Bxe7 Nc3+ 32. Qxc3 Qxc3 33. Bxf8 Kxf8 $17) 30... Re8 $15) 27... Bb6 $5 {
Very neat combination showing the dangers of the vulnerable squares around the
white king.} (27... dxc5 28. Bxc5 Bb6 29. Bxf8 Nc3+ 30. Qxc3 Qxc3 $17) 28. cxb6
(28. Bd2 dxc5 29. Qxb5 c4 $17) (28. Qd2 dxc5 29. d6 Qd7 $17) 28... Nc3+ 29.
Qxc3 (29. Kb2 Rxa2+ 30. Kc1 Nxd1 $19) 29... Qxc3 30. Rd3 Qc4 31. Rc1 Qa4 0-1

[Event "Samba Cup 1st"]
[Site "Skanderborg"]
[Date "2003.10.16"]
[Round "6"]
[White "Sadvakasov, Darmen"]
[Black "Alekseev, Evgeny V"]
[Result "1-0"]
[WhiteElo "2595"]
[BlackElo "2613"]
[Annotator "Ftacnik,L"]
[PlyCount "69"]
[EventDate "2003.10.10"]
[EventType "tourn"]
[EventRounds "9"]
[EventCountry "DEN"]
[EventCategory "16"]
[SourceTitle "CBM 098"]
[Source "ChessBase"]
[SourceDate "2004.02.03"]
[SourceVersion "1"]
[SourceVersionDate "2004.02.03"]
[SourceQuality "1"]

1. e4 c5 2. Nf3 d6 3. d4 cxd4 4. Nxd4 Nf6 5. Nc3 a6 6. Be3 e5 7. Nb3 Be6 8. f3
Be7 9. Qd2 O-O 10. O-O-O Nbd7 11. Kb1 Rc8 12. g4 Nb6 13. h4 Qc7 14. h5 Nfd7 15.
g5 f5 (15... Rfd8 16. Qf2 (16. g6 d5 17. Nxd5 Nxd5 18. exd5 Nf6 19. c4 Bf5+ 20.
Ka1 a5 21. gxf7+ Kf8 22. Qxa5 Qxa5 23. Nxa5 Ra8 24. Nxb7 Rdb8 25. d6 Rxb7 26.
dxe7+ Kxe7 27. Bd3 {1-0 Korneev,O-Llapasset,J/Asti 1997/ (46)}) (16. Qh2 Nf8
17. f4 exf4 18. Bxf4 Nc4 19. Nd5 Bxd5 20. exd5 Qb6 21. Rd4 Ne5 22. Re4 Qc7 23.
Bh3 Rb8 24. Rf1 {1-0 Pikula,D-Nikolic,S/Nis 1997/ (46)}) 16... Nc5 17. Bh3 Bxh3
18. Rxh3 Nca4 19. Nd5 Nxd5 20. Rxd5 Qd7 21. Rh1 Qe6 {1/2-1/2 Gipslis,A-Tatai,S/
Dortmund 1978/ (39)}) (15... Nc4 16. Bxc4 Qxc4 (16... Bxc4 17. g6 Bxb3 18. cxb3
Nb6 19. h6 gxh6 20. gxh7+ Kh8 21. Bxh6 {1-0 SH-Kletzel,U/Dos Hermanas 2003/ 
(25)}) 17. g6 Nf6 18. gxh7+ Nxh7 19. Qg2 Kh8 20. f4 exf4 21. Bxf4 Rcd8 22. Be3
Bf6 23. Bd4 Bxd4 24. Nxd4 {1-0 Gunawan,R-De Firmian,N/New York 1994/ (60)}) (
15... Nc5 16. Qg2 Nca4 17. Nxa4 Nxa4 18. Bd3 f5 19. gxf6 Bxf6 20. Rdg1 Nc5 21.
Qd2 Nxd3 22. Qxd3 Rf7 23. Rh2 b5 {0-1 Mihevc,N-Balinov,I/Graz 1996/ (59)}) 16.
gxf6 Nxf6 17. f4 exf4 18. Bxb6 $5 {[%mdl 4] The whole line is very topical
these days. White plan bear all the feautures of the idea prepared beforehand
at home.} (18. Bd4 Nfd7 19. h6 g6 20. Bg7 Rf7 21. Nd4 Bg4 22. Rg1 Bxd1 23. Qxd1
Qc5 24. Bh3 Bf6 25. Ne6 Qe3 26. Bxf6 Rxf6 27. Ng5 Rxc3 28. Re1 Qxh3 29. Nxh3
Rxh3 {0-1 Motylev,A-Dvoirys,S/Krasnoyarsk 2003/ (44)}) 18... Qxb6 19. Bh3 Bxh3
(19... Bxb3 20. Bxc8 (20. axb3 Rc6 21. Qxf4 $11) 20... Bf7 21. Bf5 Qe3 22. Qg2
$16) 20. Rxh3 Kh8 (20... Qb4 21. Qxf4 Qc4 22. Qf5 $14) (20... d5 $5 21. e5 (21.
Nxd5 Nxd5 22. exd5 Qd6 23. Qg2 $11) 21... Ng4 22. Nxd5 Qe6 23. Re1 Bg5 (23...
Nxe5 $2 24. Nxe7+ Qxe7 25. Qd5+ $18) 24. Qg2 Rc4 $13) 21. Qxf4 Nd7 $6 {It is
not so easy for black to find the best set up for the pieces, since white
knights are planning a slow penetration.} (21... Qc7 22. Nd4 Qc4 23. Qf5 $14)
22. Qg4 Ne5 23. Qe6 Bg5 (23... Qc7 24. Nd4 Bf6 (24... Rf6 25. Nd5 Rxe6 26. Nxc7
Rh6 27. Nd5 $16) 25. Nd5 Qf7 26. Qxf7 Rxf7 27. Nf5 $16) 24. a3 Nc4 25. Rf3 Qc7
$2 {Alekssev is looking for counterplay, but he might have missed a great
tactical shot for white on 29th move.} (25... Rxf3 $4 26. Qxc8+ Qd8 27. Qxc4
$18) (25... Bf6 26. h6 (26. Nd5 Qc6 27. Rxf6 (27. Nxf6 Nxa3+ 28. Ka2 Nxc2 29.
h6 Nb4+ (29... gxf6 30. Rg1 Nb4+ 31. Kb1) 30. Ka3 Nc2+ 31. Ka2 $11) 27... gxf6
28. Nd4 Qe8 29. Qf5 Qe5 $15) 26... Nxa3+ 27. bxa3 Rxc3 28. hxg7+ Bxg7 29. Rxf8+
Bxf8 30. Qf7 Qd8 31. Rg1 Bh6 32. Qxb7 $14) 26. Nd5 (26. Rxf8+ Rxf8 27. Nd5 Qf7
28. Qg4 Qf3 $11) 26... Nxa3+ (26... Qc6 27. Nd4 Qc5 28. b4 $1 Qa7 29. h6 b5 30.
Nf5 $16) 27. Ka2 Qxc2 28. Rxf8+ Rxf8 29. Rf1 $1 Rg8 (29... Rxf1 30. Qe8+ $18) (
29... Bf6 30. Rxf6 gxf6 31. Qe7 Kg8 32. Kxa3 $18) 30. Kxa3 a5 31. h6 $1 {
Sadvakasov plan to win really quickly.} a4 (31... Bxh6 32. Qxg8+ $1 Kxg8 33.
Ne7+ Kh8 34. Rf8#) (31... g6 32. Nf6 $18) 32. hxg7+ Kxg7 33. Qd7+ (33. Rf7+ Kh8
34. Nf6 $1 $18) 33... Kh8 34. Qxa4 h6 35. Rf7 1-0